000 00900nam a2200265Ia 4500
003 OSt
005 20221005113348.0
006 a|||||r|||| 00| 0
007 ta
008 221004b |||||||| |||| 00| 0 pan d
020 _cINR 150.00
024 _a33497
037 _b796, 06/03/2017, H.K. Prakashan
_cTextual
040 _aCRL
_cCRL
_bpan
041 _2pan
_apan
082 _aO153,1NUDx, Q6
100 _aਅਮੋਲਕ ਸਿੰਘ, ਥਦ.
245 0 _aਉਦਾਸੀ ਕਾਵਿ
260 _aਬਰਨਾਲਾ
_bਤਰਕਭਾਰਤੀ ਪ੍ਰਕਾFਨ ਭਾਰਤ
_c2016
300 _a288ਪ੍ਰ0
_ccm.
650 _a ਪੰਜਾਬੀ ਕਾਵਿ
650 _aਪੰਜਾਾਬੀ ਸਾਹਿਤ
942 _hO153,1NUDx, Q6
_cTEXL
_2cc
999 _c1027908
_d1027908